| 000 | 00687 a2200217 4500 | ||
|---|---|---|---|
| 001 | 068788 | ||
| 003 | OSt | ||
| 005 | 20220319142125.0 | ||
| 008 | |||
| 020 | _a9788190698894 | ||
| 082 |
_a006.3 _bT73C |
||
| 100 | 1 | _aTrivedi, Munesh Chandra | |
| 245 | 1 |
_aArtificial intelligence using LISP prolog _cby Munesh Chandra Trivedi, N.N. Jani and S.S. Saragdevot |
|
| 260 |
_aNew Delhi _bKhanna Book _c2009 |
||
| 300 | _axiii, 523p. | ||
| 500 | _aThe title appeared on the cover page is 'A classical approach to artificial intelligence' | ||
| 653 | _aArtificial intelligence | ||
| 700 | _aJani, N.N. | ||
| 700 | _aSaragdevot, S.S. | ||
| 942 |
_2ddc _cBK |
||
| 999 |
_c2437 _d2437 |
||